| 000 | 01336njm a2200313Ia 4500 | ||
|---|---|---|---|
| 001 | 69019 | ||
| 003 | IT-RoPAU | ||
| 005 | 20220918181204.0 | ||
| 008 | 131025s9999 xx 000 0 und d | ||
| 040 | _aIT-RoPAU | ||
| 040 | _cIT-RoPAU | ||
| 999 |
_c103311 _d103311 |
||
| 999 | _bn.d. | ||
| 100 |
_aEmerson Keith _9998 |
||
| 100 |
_eAutore musica _923910 |
||
| 100 |
_gCodice autore musica SPICS: 10877 _91000 |
||
| 245 | _aMurderock (Lp Cia 5061) | ||
| 250 | _a1a ed. | ||
| 260 | _aITALIA | ||
| 260 |
_bCINEVOX RECORD _c1988 [1a Ed.:1988 - Ed. Lingua Orig.: 1988] |
||
| 300 | _aDISCO | ||
| 300 | _c30 minuti (Testo: 0 pag.) | ||
| 500 | _aColonna sonora. Musiche da film. Cinquant'anni di cinema con le più famose colonne sonore stereofoniche | ||
| 505 | _aPrelude To Candice - Don't Go In the Shower - Coffee Time - Candice - New York Dash - Tonight Is Not Your Night - The Spillone - Murderock - Tonight Is Your Night (4:00) - Streets To Blame (3:00) - Not So Innocent (4:00) | ||
| 511 | _aChanter Doreen, Sheppard Mike, Emerson Keith | ||
| 650 |
_aCOLONNA SONORA [DISCHI] _eCodice MATERIA SPICS: 9950 _923911 |
||
| 700 |
_aEmerson Keith _gCodice interprete SPICS: 10877 _eInterprete _923912 |
||
| 700 |
_aChanter Doreen _gCodice autore SPICS: 23740 _eAutore _pTonight Is Your Night - Streets To Blame - Not So Innocent _923913 |
||
| 942 |
_cMD _2ddc |
||